| 000 | 00478nam a2200169Ia 4500 | ||
|---|---|---|---|
| 003 | GCL | ||
| 008 | 140319s9999 xx 000 0 eng d | ||
| 040 |
_aGCL / _cGCL |
||
| 082 | 0 | 4 |
_a940 _bC L |
| 100 | 1 | _aCOOK, CHRIS | |
| 245 | 1 | 0 |
_aTHE LONGMAN HANDBOOK OF MODERN EUROPEAN HISTORY, 1763 - 1991, 2ND ED. / _cCOOK, CHRIS |
| 700 | 1 | _aSTEVENSOM,JOHN | |
| 260 |
_a[S.N] : _bLONGMAN GROUP UK LIMITED ، _c1992 |
||
| 300 | _a472 P | ||
| 650 | 0 | 4 | _aEUROPE - HISTORY |
| 942 |
_2ddc _cBK |
||
| 999 |
_c21326 _d21326 |
||